|
|
|
|
| LEADER |
00000nab a2200000 a 4500 |
| 001 |
vtls000778851 |
| 003 |
SK-MaSNL |
| 005 |
20260426082419.0 |
| 008 |
250429c2001 xo 0 slo |
| 015 |
|
|
|a SNBRB2002/01-01362
|
| 035 |
|
|
|a CLN000130625
|
| 035 |
|
|
|a urn:nbn:sk:snk-abn1j
|
| 035 |
|
|
|a (urnnbn)urn:nbn:sk:snk:ar-a00qck
|
| 035 |
|
|
|a (uuid)873e48e3-be07-42fb-b7c7-add19e5fe193
|
| 040 |
|
|
|a SNKBUCL
|b slo
|c SNKBUCL
|e AACR2
|
| 041 |
0 |
|
|a slo
|
| 044 |
|
|
|a xo
|c SK
|
| 080 |
|
|
|a 711.58
|2 1997
|
| 100 |
1 |
|
|a Brath, Jozef,
|d 1936-2003
|4 aut
|9 388959
|
| 245 |
1 |
0 |
|a Reštrukturácia obytného mikroprostredia
|c Jozef Brath
|
| 300 |
|
|
|b Obr.
|
| 650 |
0 |
7 |
|a prostredie obytné
|x mikroprostredie urbárne
|x reštrukturácia
|2 snkbucl
|9 1420375
|
| 650 |
0 |
7 |
|a mikroprostredie urbárne
|2 snkbucl
|9 1420376
|
| 655 |
|
7 |
|a články z novín a časopisov
|2 snkbucl
|9 267496
|
| 773 |
0 |
|
|t Projekt
|g Roč. 43, č. 3 (2001), s. 70
|x 1335-2180
|
| 850 |
|
|
|a Slovenská národná knižnica
|
| 852 |
|
|
|a Slovenská národná knižnica
|
| 954 |
|
|
|a odborná, vedecká literatúra pôvodná (slovenská)
|2 lita
|
| 958 |
|
|
|a article27
|
| 958 |
|
|
|a OND
|
| 958 |
|
|
|a EUIPO
|
| 992 |
|
|
|a RBX
|
| 999 |
|
|
|c 2874079
|d 2876009
|